000 00958nmc a2200337 a 4500
003 AR-BaBNM
005 20251128204838.0
008 306019s1987 ||||||||||||||000 | spa||
020 _a950-614-563-6
040 _cAR-BaBNM
100 1 _aRomero, José Luis
245 1 0 _aEl caso argentino y otros ensayos
260 _aBuenos Aires
_bHyspamérica
_c1987
300 0 _a331 p.
490 0 _aBiblioteca argentina de historia y política
_vv. 70
600 1 4 _aHenriquez Ureña, Pedro
600 1 4 _aSarmiento, Domingo Faustino
_d1868-1874
600 1 4 _aMartínez Estrada, Ezequiel
600 1 4 _aLópez, Vicente Fidel
600 1 4 _aPalacios, Alfredo
600 1 4 _aMoreno, Mariano
650 4 _aHISTORIA ARGENTINA
650 4 _aHISTORIA CULTURAL
650 4 _aPOLITICA
650 4 _aHISTORIA POLITICA
650 4 _aHISTORIA DE LAS IDEAS
651 4 _aArgentina
800 1 _aCostantini, Pablo
_edirector
942 _cBK
998 _cEnrique
999 _c9017
_d9017